Dance Moms T dances - Statistics

General Stats
  • This quiz has been taken 36 times
  • The average score is 19 of 30
Answer Stats
Picture Answer % Correct
This is my beauty
100%
Tongue Twister
95%
Trapped
95%
Twilight
95%
Two Sapphires
95%
Take it to go
86%
Telling Myself
82%
Tell me what you want
82%
They call me laquifa
77%
Trouble
77%
Too hot to handle
73%
Timeless
68%
Taken
64%
The Thinner The Air The Harder To Breathe
64%
This is major
64%
TKO
64%
Tribal council
64%
Together as one
59%
They dont want my kind around here
50%
This is the start
50%
This is me over you
45%
Troublemaker
41%
Twenties Scat
41%
Twisted Two
41%
Tango para tres
36%
The Trip
36%
This girls just gotta be kissed
36%
This little girl is now
36%
Theyll never change
32%
Together we stand
23%
No matching quizzes found
Score Distribution
Percent of People with Each Score
Percentile by Number Answered
Your Score History
You have not taken this quiz